| 000 | 00718nam a22002297a 4500 | ||
|---|---|---|---|
| 999 |
_c15072 _d15072 |
||
| 003 | AR-CdUCM | ||
| 008 | 190425b ||||| |||| 00| 0 spa d | ||
| 020 | _a978-84-9825-522-5 | ||
| 040 |
_aMUNICIPALIDAD PROVINCIAL DEL CUSCO _cBIBLIOTECA MUNICIPAL DEL CUSCO |
||
| 082 |
_aPI / 376.1 / _bM56 |
||
| 110 |
_aMiles Kelly publishing _934085 |
||
| 245 | _aCuaderno de adhesivos ballenas y delfines / | ||
| 260 |
_aBarcelona : _bCombel, _c2010. |
||
| 300 |
_c28 cm. _bIlustración |
||
| 440 |
_aPequeño y grandes _934086 |
||
| 650 |
_aAdhesivos _934087 |
||
| 650 |
_aBallenas _934088 |
||
| 650 |
_aInfancia _95236 |
||
| 700 |
_aRiambau, Núria (Adaptación) _934089 |
||
| 942 |
_2ddc _cLIBROS |
||
| 945 |
_arah _d25/04/2019 |
||